[Event "Mittelfr. EM - Qualifikationsturnier"]
[Site "Büchenbach"]
[Date "2011.04.21"]
[Round "3.13"]
[White "Stahl, Peter"]
[Black "Babichev, Vyacheslav"]
[Result "0-1"]
[WhiteElo "1600"]
[BlackElo "1786"]
[PlyCount "86"]
[EventDate "2011.??.??"]
[WhiteTeam "SAbt Wolframs-Eschenbach"]
[BlackTeam "SW Nürnberg Süd e.V."]

1. Nc3 Nf6 2. f4 e6 3. e4 d6 4. Nf3 Nc6 5. Be2 d5 6. e5 Ne4 7. O-O Bc5+ 8. d4
Nxc3 9. bxc3 Be7 10. Qd3 Bd7 11. Rb1 Na5 12. Qe3 Qc8 13. Bd2 O-O 14. Qf2 Nc4
15. Bxc4 dxc4 16. Be3 Bc6 17. Qe2 b5 18. Nd2 Qd7 19. Qg4 f5 20. Qe2 Kh8 21. h3
g6 22. g3 Rg8 23. g4 Rg7 24. g5 h6 25. h4 hxg5 26. fxg5 Rh7 27. Rf2 Kg7 28. Rh2
Rah8 29. Qf2 Rh5 30. Bf4 a6 31. Qg3 Bd5 32. Kf1 Qc6 33. Kg1 Qb6 34. a4 Qa5 35.
axb5 axb5 36. Rc1 Qa3 37. Nf1 c5 38. Qe1 cxd4 39. cxd4 Qf3 40. Qg3 Qe4 41. c3
Rxh4 42. Re1 Qxf4 43. Rxh4 Rxh4 0-1

[Event "Mittelfr. EM - Qualifikationsturnier"]
[Site "Büchenbach"]
[Date "2011.04.21"]
[Round "3.14"]
[White "Müller, Maximilian"]
[Black "Siegl, Melina"]
[Result "1-0"]
[WhiteElo "1775"]
[BlackElo "1585"]
[PlyCount "47"]
[EventDate "2011.??.??"]
[WhiteTeam "SG Büchenbach/Roth e.V."]
[BlackTeam "SW Nürnberg Süd e.V."]

1. e4 c5 2. Nf3 Nc6 3. Nc3 Nf6 4. e5 Ng8 5. Bb5 e6 6. Bxc6 dxc6 7. d3 Ne7 8.
Bg5 Qc7 9. Qe2 Nd5 10. Ne4 h6 11. Bd2 a5 12. c4 Nb4 13. Be3 Qd8 14. d4 cxd4 15.
Bxd4 Be7 16. O-O O-O 17. Rfd1 Qc7 18. a3 Na6 19. c5 Nb8 20. Nfd2 Rd8 21. Nc4
Nd7 22. Qg4 Kf8 23. Ncd6 Qb8 24. Qf3 1-0

[Event "Mittelfr. EM - Qualifikationsturnier"]
[Site "Büchenbach"]
[Date "2011.04.21"]
[Round "3.15"]
[White "Walch, Roger"]
[Black "Münzenberg, Dietrich"]
[Result "1-0"]
[WhiteElo "1747"]
[BlackElo "1575"]
[PlyCount "90"]
[EventDate "2011.??.??"]
[WhiteTeam "SW Nürnberg Süd e.V."]
[BlackTeam "Spvg Zabo-Eintracht Nürnberg e.V"]

1. e4 c6 2. d4 d5 3. e5 Bf5 4. Nf3 e6 5. Be2 c5 6. Be3 Na6 7. Bb5+ Ke7 8. dxc5
Qa5+ 9. Nc3 Nb4 10. Nd4 a6 11. Ba4 Rc8 12. O-O Bg6 13. f4 Kd8 14. a3 Nc6 15. f5
Nxd4 16. Qxd4 Bxf5 17. Rxf5 Bxc5 18. Qd3 Bxe3+ 19. Qxe3 exf5 20. Qg5+ Ne7 21.
Bb3 Rxc3 22. bxc3 Qxc3 23. Rd1 d4 24. Qh4 Qe3+ 25. Kh1 f4 26. Bxf7 Rf8 27. e6
h6 28. Qh5 b6 29. Qh4 Rh8 30. Rb1 g5 31. Qg4 Kc7 32. Qd1 Rd8 33. Rb3 Qe4 34.
Qf1 Rd6 35. h3 Kb7 36. Rb1 Qxc2 37. Rc1 Qe4 38. Bh5 Qxe6 39. Bf3+ Nd5 40. Qc4
Qd7 41. Qxd4 Ka7 42. Rd1 g4 43. Bxg4 Qb5 44. Qg7+ Kb8 45. Qf8+ Ka7 1-0

[Event "Mittelfr. EM - Qualifikationsturnier"]
[Site "Büchenbach"]
[Date "2011.04.21"]
[Round "3.16"]
[White "Gottlieb, Michael"]
[Black "Gajewski, Richard"]
[Result "0-1"]
[WhiteElo "1217"]
[BlackElo "1711"]
[PlyCount "78"]
[EventDate "2011.??.??"]
[WhiteTeam "SC Postbauer-Heng e.V"]
[BlackTeam "FC Gunzenhausen 1910 e.V"]

1. e4 a6 2. d4 b5 3. a3 Bb7 4. Bd3 e6 5. b4 g6 6. Bb2 Bg7 7. Nf3 Ne7 8. Nbd2
O-O 9. O-O f5 10. Re1 fxe4 11. Bxe4 Bxe4 12. Nxe4 Nf5 13. Nc5 Nc6 14. Rb1 Nd6
15. d5 exd5 16. Qxd5+ Kh8 17. Bxg7+ Kxg7 18. Ng5 Kh6 19. Re3 Rf5 20. Qd2 Qxg5
21. Rh3+ Kg7 22. Qc3+ Qf6 23. Qxf6+ Kxf6 24. Nxd7+ Kg7 25. Re1 Re8 26. Rxe8
Nxe8 27. Re3 Rd5 28. Rd3 Rxd3 29. cxd3 a5 30. bxa5 Nxa5 31. Nc5 Kf6 32. Kf1 Ke5
33. Ke2 Nf6 34. Na6 Kd6 35. h3 c5 36. g4 Nd7 37. f4 Nc6 38. Ke3 Nd4 39. h4 Nc2+
0-1

[Event "Mittelfr. EM - Qualifikationsturnier"]
[Site "Büchenbach"]
[Date "2011.04.21"]
[Round "3.17"]
[White "Korth, Manfred"]
[Black "Kellmann, Andreas"]
[Result "1-0"]
[WhiteElo "1812"]
[BlackElo "1396"]
[PlyCount "53"]
[EventDate "2011.??.??"]
[WhiteTeam "SC Heideck-Hilpoltstein"]
[BlackTeam "SG Büchenbach/Roth e.V."]

1. Nf3 d5 2. g3 Nc6 3. Bg2 Bg4 4. d3 e6 5. Nbd2 Bd6 6. O-O Nge7 7. c3 O-O 8.
Re1 Qd7 9. h3 Bh5 10. g4 Bg6 11. Nh4 Bc5 12. d4 Bd6 13. Nxg6 fxg6 14. e4 Bf4
15. Nb3 Bxc1 16. Nc5 Qc8 17. Rxc1 b6 18. Nd3 Qa6 19. Bf1 Qxa2 20. Ra1 Qc4 21.
Nc5 Qxf1+ 22. Rxf1 bxc5 23. exd5 exd5 24. dxc5 Ne5 25. f4 Nc4 26. Rf3 Nxb2 27.
Qe2 1-0

[Event "Mittelfr. EM - Qualifikationsturnier"]
[Site "Büchenbach"]
[Date "2011.04.21"]
[Round "3.18"]
[White "Diebel, Günter"]
[Black "Dreiseitel, Werner"]
[Result "0-1"]
[WhiteElo "1704"]
[BlackElo "1523"]
[PlyCount "84"]
[EventDate "2011.??.??"]
[WhiteTeam "SG Büchenbach/Roth e.V."]
[BlackTeam "SC Noris-Tarrasch Nürnberg 1873"]

1. e4 c6 2. Nc3 d5 3. exd5 cxd5 4. d4 Bf5 5. Nf3 e6 6. Bd3 Bxd3 7. Qxd3 a6 8.
O-O Qc7 9. Re1 Be7 10. Bg5 Nc6 11. a3 h6 12. Bh4 Bxh4 13. Nxh4 Nf6 14. Nf3 b5
15. Ne5 O-O 16. Nxc6 Qxc6 17. Re3 Rfc8 18. Rc1 Qc4 19. Qd2 Qc6 20. h3 Qb7 21.
Qe2 Rc4 22. Qd2 Rac8 23. Ne2 Ne4 24. Qd3 b4 25. f3 Nd6 26. b3 R4c6 27. axb4
Qxb4 28. g4 Nb5 29. Kg2 a5 30. Ra1 Rxc2 31. Ra4 Qd2 32. Qxd2 Rxd2 33. Kg3 Rcc2
34. Rxa5 Nxd4 35. Nxd4 Rxd4 36. Ra8+ Kh7 37. h4 Kg6 38. Rb8 Rb2 39. Rc3 Rdd2
40. b4 Kf6 41. Rb7 Rg2+ 42. Kf4 e5+ 0-1

[Event "Mittelfr. EM - Qualifikationsturnier"]
[Site "Büchenbach"]
[Date "2011.04.21"]
[Round "3.21"]
[White "Dreiseitel, Ursula"]
[Black "Lutter, Maximilian"]
[Result "1/2-1/2"]
[WhiteElo "1509"]
[BlackElo "1271"]
[PlyCount "49"]
[EventDate "2011.??.??"]
[WhiteTeam "SC Noris-Tarrasch Nürnberg 1873"]
[BlackTeam "SK Neumarkt e.V."]

1. d4 d5 2. Nf3 Nf6 3. Bg5 e6 4. e3 Be7 5. c4 O-O 6. Nc3 h6 7. Bh4 c6 8. Bd3
dxc4 9. Bxc4 Nbd7 10. O-O Nb6 11. Bb3 Nbd5 12. Rc1 Nxc3 13. bxc3 Nd7 14. Bxe7
Qxe7 15. Qe2 e5 16. e4 Re8 17. Nd2 Nf6 18. Rfe1 Bg4 19. f3 Bh5 20. Qf2 Rad8 21.
Rcd1 b5 22. Bc2 Qa3 23. Bb3 Qa5 24. Qe3 Qb6 25. Nf1 1/2-1/2

[Event "Mittelfr. EM - Qualifikationsturnier"]
[Site "Büchenbach"]
[Date "2011.04.21"]
[Round "3.22"]
[White "Drechsel, Simon"]
[Black "Tong, Kevin"]
[Result "1/2-1/2"]
[WhiteElo "1202"]
[BlackElo "1432"]
[PlyCount "83"]
[EventDate "2011.??.??"]
[WhiteTeam "SK Neumarkt e.V."]
[BlackTeam "SC Erlangen 48/88 e.V."]

1. e4 c5 2. Nc3 d6 3. Bb5+ Nc6 4. Nf3 a6 5. Bxc6+ bxc6 6. d4 cxd4 7. Nxd4 c5 8.
Nf3 Bb7 9. O-O g6 10. b3 Bg7 11. Bb2 Bxe4 12. Re1 Bc6 13. Na4 Nf6 14. Qd3 O-O
15. Ng5 h6 16. Nf3 Bb5 17. c4 Bxa4 18. bxa4 Rb8 19. Bc3 Qd7 20. h3 Rfe8 21. Qe3
Kh7 22. Qf4 Qxa4 23. Qh4 a5 24. Ng5+ Kg8 25. Bxf6 exf6 26. Nf3 Rxe1+ 27. Rxe1
Re8 28. Rxe8+ Qxe8 29. Qf4 Qe6 30. Nd2 Qe5 31. Qf3 Qe1+ 32. Nf1 Qc1 33. Qa8+
Kh7 34. Qd5 Qc2 35. Ne3 Qxa2 36. Qxf7 a4 37. Nd5 Qa1+ 38. Kh2 Qe5+ 39. f4 Qf5
40. g4 Qc2+ 41. Kg3 Qd3+ 42. Kg2 1/2-1/2

[Event "Mittelfr. EM - Qualifikationsturnier"]
[Site "Büchenbach"]
[Date "2011.04.21"]
[Round "3.23"]
[White "Siegl, Adrian"]
[Black "Stefan, Sebastian"]
[Result "1-0"]
[WhiteElo "1383"]
[BlackElo "1176"]
[PlyCount "178"]
[EventDate "2011.??.??"]
[WhiteTeam "SW Nürnberg Süd e.V."]
[BlackTeam "SG Büchenbach/Roth e.V."]

1. e4 e6 2. d4 d5 3. e5 c5 4. c3 Nc6 5. Nf3 Qb6 6. a3 Nge7 7. Bd3 cxd4 8. cxd4
Bd7 9. Bc2 Nf5 10. Bxf5 exf5 11. Be3 Qxb2 12. Nbd2 Qb6 13. O-O Be7 14. Rb1 Qc7
15. Qb3 Be6 16. Qxb7 Qxb7 17. Rxb7 Rb8 18. Rxb8+ Nxb8 19. a4 O-O 20. Rc1 Rc8
21. Rb1 Nc6 22. h3 Rb8 23. Rc1 Bd7 24. Bf4 Rc8 25. Nb3 Nd8 26. Ra1 Rc4 27. a5
Nc6 28. Nbd2 Rb4 29. Be3 f6 30. Nf1 fxe5 31. Nxe5 Nxe5 32. dxe5 a6 33. Rd1 Rb5
34. Bd2 Bd8 35. Ne3 Be6 36. Ra1 d4 37. Nc2 Rxe5 38. Nxd4 Rd5 39. Bc3 Bf6 40.
Re1 Bxd4 41. Bxd4 Bf7 42. Bb6 Rd7 43. Rc1 h6 44. Bc5 Rc7 45. Kh2 f4 46. g3
fxg3+ 47. fxg3 g5 48. g4 h5 49. Kg3 h4+ 50. Kf3 Bd5+ 51. Kf2 Kf7 52. Kg1 Kg6
53. Kh2 Be4 54. Kg1 Kh7 55. Kf2 Kg6 56. Rc4 Bd3 57. Rc3 Bb5 58. Ke3 Kf7 59. Kd4
Rd7+ 60. Ke5 Bc6 61. Bd4 Bb5 62. Rf3+ Kg8 63. Rf5 Rg7 64. Rf8+ Kh7 65. Kd5 Rg6
66. Be5 Rg8 67. Rf7+ Kg6 68. Rf6+ Kh7 69. Kc5 Rg6 70. Rf8 Rg8 71. Rf7+ Kg6 72.
Rf6+ Kh7 73. Bd4 Rg6 74. Rf7+ Kg8 75. Rc7 Re6 76. Rg7+ Kf8 77. Rxg5 Rc6+ 78.
Kd5 Rc2 79. Bc5+ Kf7 80. Rh5 Rd2+ 81. Bd4 Rh2 82. Rxh4 Bd7 83. Rh7+ Ke8 84. Kd6
Bxg4 85. Rh8+ Kf7 86. hxg4 Rg2 87. Rh4 Re2 88. g5 Re6+ 89. Kd5 Kg6 1-0

[Event "Mittelfr. EM - Qualifikationsturnier"]
[Site "Büchenbach"]
[Date "2011.04.21"]
[Round "4.1"]
[White "Güldner, Udo"]
[Black "Lais, Thomas"]
[Result "1/2-1/2"]
[WhiteElo "1947"]
[BlackElo "1953"]
[PlyCount "81"]
[EventDate "2011.??.??"]
[WhiteTeam "SC Forchheim e.V."]
[BlackTeam "SW Nürnberg Süd e.V."]

1. d4 Nf6 2. Nf3 g6 3. c4 Bg7 4. Nc3 d5 5. e3 O-O 6. Bd2 c5 7. dxc5 Na6 8. cxd5
Nxc5 9. Bc4 Bf5 10. O-O Nd3 11. Qb3 Rc8 12. Bxd3 Bxd3 13. Rfc1 b6 14. Ne5 Ne4
15. Nxe4 Bxe4 16. Rxc8 Qxc8 17. Bc3 Bxe5 18. Bxe5 Qf5 19. Bg3 Bxd5 20. Qb4 Qe6
21. b3 Rc8 22. Qd2 Bb7 23. f3 f6 24. e4 g5 25. Rd1 Kf7 26. e5 h6 27. exf6 Qxf6
28. Qd7 Qc6 29. Qf5+ Kg8 30. Be5 Rf8 31. Qd7 Qc5+ 32. Bd4 Qc2 33. Ba1 Qc5+ 34.
Kh1 Bc6 35. Qe6+ Kh7 36. Bd4 Qd6 37. Qxd6 exd6 38. Kg1 Rf7 39. Re1 Bd7 40. b4
Kg6 41. Re4 1/2-1/2

[Event "Mittelfr. EM - Qualifikationsturnier"]
[Site "Büchenbach"]
[Date "2011.04.21"]
[Round "4.2"]
[White "Dittmar, Thomas"]
[Black "Zedlitz, Friedemann"]
[Result "1-0"]
[WhiteElo "1974"]
[BlackElo "1715"]
[PlyCount "63"]
[EventDate "2011.??.??"]
[WhiteTeam "SF Fürth 1951 e.V."]
[BlackTeam "SG Büchenbach/Roth e.V."]

1. d4 d5 2. c4 c6 3. Nf3 g6 4. Nc3 Bg7 5. Bf4 Nf6 6. h3 Bf5 7. e3 O-O 8. Qb3
Qb6 9. Qxb6 axb6 10. cxd5 cxd5 11. Be2 Be4 12. O-O Bxf3 13. Bxf3 e6 14. a3 Rc8
15. Rac1 Rc6 16. Be2 Ne4 17. Nxe4 dxe4 18. Bb5 Rxc1 19. Rxc1 Na6 20. Bd7 e5 21.
Bxe5 Bxe5 22. dxe5 Nc5 23. Bb5 Ra5 24. Be2 Nd3 25. Bxd3 exd3 26. Rd1 Rd5 27. f4
Kf8 28. Kf2 Ke7 29. b4 f6 30. exf6+ Kxf6 31. e4 d2 32. exd5 1-0

[Event "Mittelfr. EM - Qualifikationsturnier"]
[Site "Büchenbach"]
[Date "2011.04.21"]
[Round "4.3"]
[White "Heckel, Wolfgang"]
[Black "Braun, Michael"]
[Result "1/2-1/2"]
[WhiteElo "1770"]
[BlackElo "1849"]
[PlyCount "44"]
[EventDate "2011.??.??"]
[WhiteTeam "TSG 1893 Ellingen e.V."]
[BlackTeam "SG Büchenbach/Roth e.V."]

1. d4 d5 2. c4 c6 3. cxd5 cxd5 4. Nc3 Nc6 5. Nf3 Bg4 6. e3 Nf6 7. Bd2 a6 8. Be2
e6 9. O-O Bd6 10. Rc1 O-O 11. Ne1 Bxe2 12. Qxe2 e5 13. dxe5 Nxe5 14. Nf3 Re8
15. Rfd1 Rc8 16. Be1 b5 17. Nxd5 Rxc1 18. Nxf6+ Qxf6 19. Rxc1 Nxf3+ 20. Qxf3
Qxb2 21. Qc6 Bf8 22. Rd1 Re6 1/2-1/2

[Event "Mittelfr. EM - Qualifikationsturnier"]
[Site "Büchenbach"]
[Date "2011.04.21"]
[Round "4.4"]
[White "Weißmann, Peter"]
[Black "Bruder, Heinz"]
[Result "1/2-1/2"]
[WhiteElo "1848"]
[BlackElo "1840"]
[PlyCount "27"]
[EventDate "2011.??.??"]
[WhiteTeam "SK Zirndorf e.V."]
[BlackTeam "SW Nürnberg Süd e.V."]

1. e4 d6 2. d4 c5 3. dxc5 Qa5+ 4. Nc3 Qxc5 5. Be3 Qa5 6. Qd5 Qd8 7. Bb5+ Nd7 8.
O-O-O Ngf6 9. Qd2 a6 10. Bxd7+ Nxd7 11. f4 Qa5 12. Qd5 Qc7 13. Nf3 e6 14. Qg5
1/2-1/2

[Event "Mittelfr. EM - Qualifikationsturnier"]
[Site "Büchenbach"]
[Date "2011.04.21"]
[Round "4.5"]
[White "Babichev, Vyacheslav"]
[Black "Bildt, Thomas"]
[Result "0-1"]
[WhiteElo "1786"]
[BlackElo "1996"]
[PlyCount "86"]
[EventDate "2011.??.??"]
[WhiteTeam "SW Nürnberg Süd e.V."]
[BlackTeam "SK Zirndorf e.V."]

1. b3 d5 2. Bb2 c5 3. e3 Nf6 4. Nf3 Bg4 5. Bb5+ Nbd7 6. h3 Bh5 7. g4 Bg6 8. Ne5
a6 9. Bxd7+ Nxd7 10. Nxg6 hxg6 11. d3 e5 12. Qf3 d4 13. Qxb7 dxe3 14. fxe3 Qh4+
15. Ke2 Rd8 16. Nd2 f5 17. Nf3 Qf6 18. g5 Qe6 19. Nd2 Be7 20. Qg2 Rh5 21. h4
Kf7 22. Rh3 Rdh8 23. Rah1 f4 24. Nf3 fxe3 25. Rf1 Kg8 26. Rfh1 e4 27. dxe4 Qxe4
28. Rc1 Bxg5 29. Rg3 Bf6 30. Bxf6 Nxf6 31. Rxg6 Qe7 32. Rd1 Nd5 33. Rxd5 Rxd5
34. Qg4 Rhh5 35. Re6 Qd7 36. Qe4 Rd2+ 37. Kxe3 Rxc2 38. Rxa6 Rc3+ 39. Kf2 Rf5
40. Qa8+ Kh7 41. Qe4 Rcxf3+ 42. Ke1 Rf1+ 43. Ke2 Qd1+ 0-1

[Event "Mittelfr. EM - Qualifikationsturnier"]
[Site "Büchenbach"]
[Date "2011.04.21"]
[Round "4.6"]
[White "Dietrich, Jochen"]
[Black "Müller, Maximilian"]
[Result "1/2-1/2"]
[WhiteElo "1953"]
[BlackElo "1775"]
[PlyCount "56"]
[EventDate "2011.??.??"]
[WhiteTeam "SG Büchenbach/Roth e.V."]
[BlackTeam "SG Büchenbach/Roth e.V."]

1. Nf3 d5 2. g3 Nc6 3. Bg2 e5 4. d3 Be7 5. Nbd2 Nf6 6. O-O O-O 7. c3 Bf5 8. Qa4
Qc8 9. e4 dxe4 10. dxe4 Bd7 11. Qc2 Bh3 12. b4 Bxg2 13. Kxg2 b5 14. a4 a6 15.
Re1 Ne8 16. Qd3 Nd6 17. Qd5 Qe8 18. Nxe5 Nxe5 19. Qxe5 bxa4 20. Bb2 Qd7 21. Qd4
Qc6 22. Kg1 Rfd8 23. Qd5 Qb5 24. Bc1 Qxd5 25. exd5 Bf6 26. Bb2 Re8 27. Rxe8+
Rxe8 28. Kf1 Nb5 1/2-1/2

[Event "Mittelfr. EM - Qualifikationsturnier"]
[Site "Büchenbach"]
[Date "2011.04.21"]
[Round "4.7"]
[White "Gajewski, Richard"]
[Black "Thürauf, Peter"]
[Result "1/2-1/2"]
[WhiteElo "1711"]
[BlackElo "1890"]
[PlyCount "88"]
[EventDate "2011.??.??"]
[WhiteTeam "FC Gunzenhausen 1910 e.V"]
[BlackTeam "SW Nürnberg Süd e.V."]

1. b3 e5 2. Bb2 d6 3. e3 Nf6 4. c4 Be7 5. Nc3 O-O 6. Bd3 Nc6 7. a3 d5 8. cxd5
Nxd5 9. Bc4 Nb6 10. Be2 f5 11. g3 Be6 12. b4 Bf6 13. h4 Qe7 14. b5 Na5 15. Bd3
Nac4 16. Qc2 Nxb2 17. Qxb2 Nd5 18. Bc2 c6 19. Bb3 Nxc3 20. dxc3 cxb5 21. Bxe6+
Qxe6 22. Qxb5 a6 23. Qb4 Qd5 24. Rh2 Rfd8 25. c4 Qd3 26. Rc1 a5 27. Qc3 e4 28.
Qxd3 Rxd3 29. Ne2 Rxa3 30. f3 exf3 31. Nf4 Rxe3+ 32. Kf1 Be5 33. Rd2 Bxf4 34.
gxf4 Re4 35. Rd7 Rxf4 36. Rxb7 Rxh4 37. Kf2 Rc8 38. c5 Rb4 39. Rd7 Rc6 40. Re1
Re4 41. Rb1 Re8 42. Rbb7 Rxc5 43. Rxg7+ Kh8 44. Rxh7+ Kg8 1/2-1/2

[Event "Mittelfr. EM - Qualifikationsturnier"]
[Site "Büchenbach"]
[Date "2011.04.21"]
[Round "4.8"]
[White "Dürr, Florian"]
[Black "Walch, Roger"]
[Result "1-0"]
[WhiteElo "1811"]
[BlackElo "1747"]
[PlyCount "85"]
[EventDate "2011.??.??"]
[WhiteTeam "SC Erlangen 48/88 e.V."]
[BlackTeam "SW Nürnberg Süd e.V."]

1. e4 e6 2. d4 d5 3. Bd3 c5 4. c3 Nc6 5. Ne2 dxe4 6. Bxe4 Nf6 7. Bf3 cxd4 8.
cxd4 Bb4+ 9. Nbc3 Qb6 10. O-O O-O 11. Bg5 Be7 12. Qd2 Rd8 13. Rfd1 Ne5 14. Be4
Nc4 15. Qc2 h6 16. Bxf6 Bxf6 17. b3 Nd6 18. Rd2 Bd7 19. Rad1 Rac8 20. Qd3 Be7
21. f4 Nxe4 22. Qxe4 Bc6 23. Qe3 Bb4 24. Rc2 Qa5 25. Qd3 Qh5 26. Ng3 Qg4 27.
Nce2 Rc7 28. h3 Qh4 29. f5 e5 30. Qc4 Ba5 31. Qd3 a6 32. a4 Rcd7 33. Rc4 e4 34.
Qe3 Bd5 35. Rc2 Bb6 36. Rf1 Rd6 37. Rf4 Qg5 38. h4 Qf6 39. Nh5 Qe7 40. f6 Qe6
41. Nxg7 Qd7 42. Qg3 Kh7 43. Ne8 1-0

[Event "Mittelfr. EM - Qualifikationsturnier"]
[Site "Büchenbach"]
[Date "2011.04.21"]
[Round "4.9"]
[White "Diller, Daniel"]
[Black "Mösl, Sebastian"]
[Result "1/2-1/2"]
[WhiteElo "1759"]
[BlackElo "1793"]
[PlyCount "78"]
[EventDate "2011.??.??"]
[WhiteTeam "SC Erlangen 48/88 e.V."]
[BlackTeam "SK Neumarkt e.V."]

1. c4 Nf6 2. g3 g6 3. Bg2 Bg7 4. Nc3 O-O 5. e4 d6 6. Nge2 c6 7. O-O Nbd7 8. d3
a6 9. a4 Rb8 10. h3 b5 11. axb5 axb5 12. cxb5 cxb5 13. Nd4 Bb7 14. Ndxb5 Nc5
15. Be3 Nfd7 16. d4 Nxe4 17. Bxe4 Bxe4 18. Nxd6 Ba8 19. Nc4 Qc8 20. Qe2 Nf6 21.
Kh2 Qc6 22. f3 Rb4 23. Ne5 Qb7 24. Nd3 Rb6 25. d5 Rd6 26. Ra7 Qc8 27. Bc5 Rd7
28. Rxd7 Nxd7 29. Bxe7 Re8 30. d6 Bb7 31. Rc1 Qa8 32. Ne4 Ba6 33. Qe3 Qb8 34.
Nef2 Bf8 35. Nc5 Nxc5 36. Qxc5 Bxe7 37. dxe7 Qxb2 38. Rc2 Qb7 39. Qc7 Rxe7
1/2-1/2

[Event "Mittelfr. EM - Qualifikationsturnier"]
[Site "Büchenbach"]
[Date "2011.04.21"]
[Round "4.10"]
[White "Vennemann, Jürgen"]
[Black "Di Bonaventura, Stefan"]
[Result "1/2-1/2"]
[WhiteElo "1937"]
[BlackElo "1637"]
[PlyCount "57"]
[EventDate "2011.??.??"]
[WhiteTeam "SC Hersbruck"]
[BlackTeam "SG Büchenbach/Roth e.V."]

1. d4 d5 2. c4 e6 3. cxd5 exd5 4. Nc3 Nf6 5. Bg5 Be7 6. e3 O-O 7. Bd3 Bg4 8.
Qb3 Nbd7 9. f3 Bh5 10. Nge2 c5 11. Bf5 Nb6 12. Bxf6 Bxf6 13. dxc5 Nc4 14. e4
dxe4 15. Rd1 Qc7 16. Qxc4 exf3 17. Nd5 Qe5 18. Nxf6+ Qxf6 19. Ng3 fxg2 20. Rg1
Rfe8+ 21. Be4 Bxd1 22. Kxd1 Rad8+ 23. Kc1 Qf4+ 24. Kb1 Qf2 25. Qc1 Rxe4 26.
Nxe4 Qf5 27. Qc2 Qf1+ 28. Qc1 Qf5 29. Qc2 1/2-1/2

[Event "Mittelfr. EM - Qualifikationsturnier"]
[Site "Büchenbach"]
[Date "2011.04.21"]
[Round "4.11"]
[White "Zhao, Kevin"]
[Black "Müller, Roland"]
[Result "1-0"]
[WhiteElo "1851"]
[BlackElo "1635"]
[PlyCount "93"]
[EventDate "2011.??.??"]
[WhiteTeam "SC Erlangen 48/88 e.V."]
[BlackTeam "SV Lauf a.d.P."]

1. e4 g6 2. d4 Bg7 3. Nc3 d6 4. Be3 b6 5. Qd2 Bb7 6. Bd3 Nd7 7. Nge2 Ngf6 8. f3
Rc8 9. Ng1 O-O 10. g4 c5 11. Be2 cxd4 12. Bxd4 a6 13. h4 Nc5 14. h5 Ne6 15. Be3
Qc7 16. Bh6 Bxh6 17. Qxh6 g5 18. Nh3 Qc5 19. f4 Kh8 20. Nxg5 Nxg5 21. Qxg5 Qxg5
22. fxg5 Nxe4 23. Bd3 d5 24. Bxe4 dxe4 25. O-O-O Rc7 26. Nd5 Bxd5 27. Rxd5 Rg8
28. Rhd1 Rgc8 29. Rd8+ Kg7 30. Rxc8 Rxc8 31. Rd5 Rc5 32. Rxc5 bxc5 33. Kd2 f6
34. Ke3 fxg5 35. Kxe4 Kf6 36. Kd5 e5 37. c4 e4 38. Kxe4 Ke6 39. a4 a5 40. h6
Kf6 41. Kd5 Kg6 42. Kxc5 Kxh6 43. Kb5 Kg6 44. c5 h5 45. gxh5+ Kxh5 46. c6 g4
47. c7 1-0

[Event "Mittelfr. EM - Qualifikationsturnier"]
[Site "Büchenbach"]
[Date "2011.04.21"]
[Round "4.12"]
[White "Meulner, Fabian"]
[Black "Burger, Thomas"]
[Result "1/2-1/2"]
[WhiteElo "1813"]
[BlackElo "1695"]
[PlyCount "65"]
[EventDate "2011.??.??"]
[WhiteTeam "SW Nürnberg Süd e.V."]
[BlackTeam "SAbt Wolframs-Eschenbach"]

1. e4 c5 2. Nf3 d6 3. d4 cxd4 4. Nxd4 Nc6 5. Be3 Nf6 6. Nc3 g6 7. f3 Bg7 8. Qd2
O-O 9. Be2 a6 10. g4 Nxd4 11. Bxd4 b5 12. g5 Ne8 13. Bxg7 Nxg7 14. O-O-O Bb7
15. h4 Qa5 16. Kb1 b4 17. Nd5 Bxd5 18. Qxd5 Qxd5 19. Rxd5 a5 20. f4 Ne6 21. f5
Nf4 22. Rd2 Nxe2 23. Rxe2 Kg7 24. h5 gxh5 25. Rxh5 f6 26. Reh2 Rh8 27. gxf6+
exf6 28. Rd2 Ra6 29. Rd5 Rc8 30. Rb5 Rac6 31. Rh2 Rc5 32. Rb7+ R5c7 33. Rb5
1/2-1/2

[Event "Mittelfr. EM - Qualifikationsturnier"]
[Site "Büchenbach"]
[Date "2011.04.21"]
[Round "4.13"]
[White "Bayer, Rolf"]
[Black "Korth, Manfred"]
[Result "0-1"]
[WhiteElo "1718"]
[BlackElo "1812"]
[PlyCount "102"]
[EventDate "2011.??.??"]
[WhiteTeam "SC Noris-Tarrasch Nürnberg 1873"]
[BlackTeam "SC Heideck-Hilpoltstein"]

1. e4 d6 2. d4 Nf6 3. Nc3 g6 4. f4 Bg7 5. h3 O-O 6. Be3 c5 7. dxc5 Qa5 8. Qd2
dxc5 9. e5 Rd8 10. Bd3 c4 11. exf6 Bxf6 12. Ne4 Qxd2+ 13. Bxd2 cxd3 14. Nxf6+
exf6 15. cxd3 Rxd3 16. Nf3 Be6 17. Ke2 Rd6 18. Bc3 Nd7 19. a3 Nc5 20. Bb4 Bc4+
21. Kf2 Nd3+ 22. Kg3 Nxb4 23. axb4 Rb6 24. Nd2 Be6 25. Ne4 Rxb4 26. Nxf6+ Kg7
27. Ng4 Rxb2 28. Rhc1 Bd5 29. Ne3 Bc6 30. Rc3 a5 31. f5 a4 32. fxg6 hxg6 33. h4
Ra6 34. h5 b5 35. Rac1 Ba8 36. hxg6 Rxg6+ 37. Kf4 Rb4+ 38. Kf5 Be4+ 39. Ke5
Re6+ 40. Kf4 Rd4 41. Rc5 b4 42. Rg5+ Bg6+ 43. Kf3 Rd3 44. Re1 f5 45. Kf2 Kf6
46. Rg3 Rd2+ 47. Kf1 f4 48. Ng4+ Ke7 49. Rxe6+ Kxe6 50. Rf3 b3 51. Ke1 Rxg2 0-1

[Event "Mittelfr. EM - Qualifikationsturnier"]
[Site "Büchenbach"]
[Date "2011.04.21"]
[Round "4.14"]
[White "Dreiseitel, Werner"]
[Black "Ruderer, Thomas"]
[Result "0-1"]
[WhiteElo "1523"]
[BlackElo "1778"]
[PlyCount "70"]
[EventDate "2011.??.??"]
[WhiteTeam "SC Noris-Tarrasch Nürnberg 1873"]
[BlackTeam "SC Heideck-Hilpoltstein"]

1. d4 e6 2. c4 d5 3. Nc3 Nf6 4. Bg5 Be7 5. e3 O-O 6. Nf3 b6 7. Qc2 Nbd7 8. cxd5
Nxd5 9. Bxe7 Nxe7 10. Bd3 h6 11. O-O c5 12. Rac1 Bb7 13. Qe2 a6 14. Ne4 cxd4
15. Nxd4 Ne5 16. Bb1 Nd5 17. Rfd1 Qe7 18. a3 f5 19. Nxf5 exf5 20. Ng3 g6 21.
Ba2 Rfd8 22. e4 fxe4 23. Qxe4 Kg7 24. Bxd5 Bxd5 25. Rxd5 Rxd5 26. Qxd5 Rd8 27.
Qe4 Qd6 28. Re1 Nf7 29. Qg4 Qd2 30. Qe4 Qxb2 31. Qe7 Qd4 32. Qe3 Qd6 33. Qe4
Rd7 34. Qe3 b5 35. Qc3+ Kh7 0-1

[Event "Mittelfr. EM - Qualifikationsturnier"]
[Site "Büchenbach"]
[Date "2011.04.21"]
[Round "4.15"]
[White "Sikorsky, Reinhard"]
[Black "Wild, Erwin"]
[Result "1-0"]
[WhiteElo "1626"]
[BlackElo "1605"]
[PlyCount "79"]
[EventDate "2011.??.??"]
[WhiteTeam "FC Gunzenhausen 1910 e.V"]
[BlackTeam "SG Büchenbach/Roth e.V."]

1. e4 c5 2. Nf3 Nc6 3. d4 cxd4 4. Nxd4 e5 5. Nb5 d6 6. N1c3 a6 7. Na3 Nf6 8.
Bg5 Be7 9. Bxf6 Bxf6 10. Nd5 Bg5 11. c3 b5 12. Nc2 O-O 13. Nce3 f5 14. exf5
Bxf5 15. Nxf5 Rxf5 16. h4 Be7 17. Ne3 Rf7 18. Qd5 Rc8 19. Bd3 Qf8 20. h5 Kh8
21. Qe4 Qg8 22. g4 Bg5 23. Nf5 Rd7 24. h6 g6 25. Nh4 Bxh4 26. Rxh4 d5 27. Qg2
e4 28. Be2 Re8 29. a4 Ne5 30. Kf1 Rb7 31. axb5 axb5 32. Ra5 Nd3 33. Bxd3 exd3
34. Rh3 d2 35. Ra1 Rbe7 36. Re3 Qf7 37. Ke2 Rxe3+ 38. fxe3 Qe6 39. Qf3 Kg8 40.
Ra7 1-0

[Event "Mittelfr. EM - Qualifikationsturnier"]
[Site "Büchenbach"]
[Date "2011.04.21"]
[Round "4.16"]
[White "Hollmann, Thomas"]
[Black "Stahl, Peter"]
[Result "1-0"]
[WhiteElo "1441"]
[BlackElo "1600"]
[PlyCount "80"]
[EventDate "2011.??.??"]
[WhiteTeam "SG Büchenbach/Roth e.V."]
[BlackTeam "SAbt Wolframs-Eschenbach"]

1. e4 Nf6 2. Nc3 d5 3. e5 Nfd7 4. d4 e6 5. Nf3 c5 6. Be3 cxd4 7. Bxd4 Nc6 8.
Bb5 a6 9. Ba4 b5 10. Bb3 Nxd4 11. Qxd4 Bc5 12. Qg4 g6 13. h4 d4 14. Ne4 Bb7 15.
h5 Qa5+ 16. Ned2 O-O-O 17. O-O-O d3 18. Qg3 dxc2 19. Kxc2 Qc7 20. Kb1 Kb8 21.
Qf4 f5 22. Bxe6 Bxf2 23. Ng5 Bxg2 24. Rh2 Rc8 25. Bb3 Bd5 26. Qxf2 Bxb3 27.
Nxb3 Nxe5 28. Rc1 Qd7 29. Qb6+ Ka8 30. Qxa6+ Kb8 31. Qb6+ Ka8 32. Nc5 Qa7 33.
Qxb5 Rb8 34. Qa6 Qxa6 35. Nxa6 Rb6 36. Nc7+ Ka7 37. hxg6 Nxg6 38. Rxh7 Rxh7 39.
Nxh7 Ne5 40. Nd5 Rb7 1-0